Epidermis kože a apoptóza

Bibliographic Details
Main Author: Adamkov, Marian, 1954- (Author)
Format: Book
Language:Slovak
PhysicalDescription:101 strán fotografie, tabuľky 22 cm
Published: Turany Tlačiareň P+M, s.r.o. [2018]
ISBN:9788089694396
Subjects:

MARC

LEADER 00000cam a2200000 4500
001 vtls011826274
003 SK-MaSNL
005 20260301143122.0
008 200205s2017 xo oa drn 000 0 slo
015 |a SNBA2018/12 
020 |a 9788089694396  |q (viazané) 
035 |a urn:nbn:sk:snk-am00d6ug 
035 |a urn:nbn:sk:snk-am3hrn8 
035 |a B5D0D252-F1C2-4B75-A213-3DB4B0149297 
040 |a SNK  |b slo  |c SNK  |e rda 
041 0 |a slo 
044 |a xo  |c SK 
072 7 |a 576  |x Celulárna biológia. Cytológia  |2 konspekt 
072 7 |a 616  |x Patológia. Klinická medicína  |2 konspekt 
080 |a 611.771  |2 2011 
080 |a 576.36  |2 2011 
080 |a 576.385  |2 2011 
080 |a (048.8)  |2 2011 
100 1 |a Adamkov, Marian,  |d 1954-  |4 aut  |9 185682 
245 1 0 |a Epidermis kože a apoptóza  |c Marian Adamkov 
264 1 |a Turany  |b Tlačiareň P+M, s.r.o.  |c [2018] 
300 |a 101 strán  |b fotografie, tabuľky  |c 22 cm 
336 |a text  |b txt  |2 rdacontent 
337 |a bez média  |b n  |2 rdamedia 
338 |a zväzok  |b nc  |2 rdacarrier 
500 |a Rok vydania podľa NA ISBN 
504 |a Obshauje bibliografiu 
521 8 |a Pre študentov lekárskych fakúlt 
650 0 7 |a pokožka  |2 SNKPH  |9 50354 
650 0 7 |a apoptóza  |2 SNKPH  |9 14282 
650 0 7 |a cytopatológia  |2 SNKPH  |9 29522 
650 0 7 |a epidermis  |2 SNKPHeng  |9 311766 
650 0 7 |a Apoptosis  |2 SNKPHeng  |9 437478 
650 0 7 |a Cytopathology  |2 SNKPHeng  |9 499606 
655 7 |a monografie  |2 SNKPH  |9 70139 
655 7 |a Monographs  |2 SNKPHeng  |9 120675 
919 |a 978-80-89694-39-6 
958 |a NB 
958 |a MI 
999 |c 772649  |d 774579 
952 |a SNK  |b SNK  |y PREZ  |7 0  |p 17A1350416  |o snkSC 181785  |i snk2018/25624  |8 0  |0 0  |1 0  |4 0  |d 2018-11-28  |f 1  |l 0  |r 2026-02-24 00:39:44  |w 2026-02-24 
952 |a SNK  |b SNK  |y VYP  |7 0  |p 17A1350417  |o snkSC 181785 D1  |i snk2018/25626  |8 0  |0 0  |1 0  |4 0  |d 2018-11-28  |l 0  |r 2026-02-24 00:39:44  |w 2026-02-24